Подход к оценке неопределенности спектра нейтронов; Измерительная техника; № 1

Detalles Bibliográficos
Parent link:Измерительная техника=Measurement Techniques: научно-технический журнал/ Российская Федерация, Федеральное агентство по техническому регулированию и метрологии (Ростехрегулирование) (Госстандарт России).— , 1940-1941, 1955-.— 0368-1025
№ 1.— 2002.— С. 66-68
Autor Principal: Григорьев Е. И.
Outros autores: Трошин В. С., Ярына В. П.
Idioma:ruso
Publicado: 2002
Series:Измерения ионизирующих излучений
Subjects:
Formato: MixedMaterials Capítulo de libro
KOHA link:https://koha.lib.tpu.ru/cgi-bin/koha/opac-detail.pl?biblionumber=381444

MARC

LEADER 00000naa2a2200000 4500
001 381444
005 20231101062829.0
035 |a (RuTPU)RU\TPU\prd\4026 
090 |a 381444 
100 |a 20020521a2002 k y0rusy50 ca 
101 0 |a rus 
102 |a RU 
200 1 |a Подход к оценке неопределенности спектра нейтронов  |f Е. И. Григорьев, В. С. Трошин, В. П. Ярына 
225 1 |a Измерения ионизирующих излучений 
320 |a Библиогр.: 3 назв. 
461 1 |0 (RuTPU)RU\TPU\prd\1509  |x 0368-1025  |t Измерительная техника  |l Measurement Techniques  |o научно-технический журнал  |f Российская Федерация, Федеральное агентство по техническому регулированию и метрологии (Ростехрегулирование) (Госстандарт России)  |d 1940-1941, 1955- 
463 1 |0 (RuTPU)RU\TPU\prd\2088  |t № 1  |v С. 66-68  |d 2002 
610 1 |a нейтроны 
610 1 |a статистические испытания 
610 1 |a нейтронно-активационные измерения 
675 |a 621.039.57  |v 3 
700 1 |a Григорьев  |b Е. И. 
701 1 |a Трошин  |b В. С. 
701 1 |a Ярына  |b В. П. 
801 1 |a RU  |b 63413507  |c 20020521  |g PSBO 
801 2 |a RU  |b 63413507  |c 20121214  |g PSBO 
942 |c BK